000
00221 a2200097 4500
001
13424
100
_a
Schapiro, L
245
_a
The origins of bolshevism
260
_a
London
_b
Secker werbarg ltd
_c
090
_c
10437
_d
10437
942
_a
NUST-CAE
_c
M
_c
489
999
_c
248497
_d
248497